Remember That Night - Sara Kays (all lyrics) - Statistics

General Stats
  • This quiz has been taken 66 times
  • The average score is 275 of 314
Answer Stats
Answer % Correct
A
100%
I
100%
The
100%
You
100%
You,
100%
Night?"
96%
Night
96%
Night?
96%
Night"?
96%
"Remember
96%
Remember
96%
That
96%
After
93%
Day
93%
In
93%
In,
93%
Said,
93%
Said
93%
To
93%
Was
93%
We
93%
And
89%
Be
89%
Drive,
89%
For
89%
Month,
89%
Month
89%
Three
89%
Two,
89%
Two
89%
Went
89%
Cry
86%
Each
86%
"Goodbye"
86%
Had
86%
Life
86%
Living
86%
Morning
86%
My
86%
Out
86%
Reached
86%
Then
86%
Think
86%
Try
86%
Did
82%
Five,
82%
Four
82%
It
82%
Lay
82%
Not
82%
Of
82%
On
82%
Other
82%
Thirty
82%
Time
82%
All
79%
Around
79%
Bed
79%
Better
79%
Doing
79%
Fine
79%
Have
79%
Held
79%
Mind
79%
Move
79%
One
79%
Over
79%
Second
79%
Tight
79%
Until
79%
Were
79%
Before
75%
But
75%
Didn't
75%
How
75%
Kissed
75%
Pouring
75%
Realize
75%
shoulder
75%
Shoulder
75%
Started
75%
Your
75%
Alright
71%
Don't
71%
Felt
71%
Looked
71%
Months
71%
Oh,
71%
Would
71%
Broken
68%
I'd
68%
Off
68%
Okay
64%
Prayed
64%
Third
64%
Forget
61%
Never
61%
Fight
57%
Ever
54%
Long
54%
Mine
50%
Get
43%
No matching quizzes found
Score Distribution
Percent of People with Each Score
Percentile by Number Answered
Your Score History
You have not taken this quiz